000 01448nam a22002774c 4500
003 AR-BaSMT
008 230616t2025 aga|||br|||| 00| 1 spa d
020 _a9789504990789
040 _aBSGB
_bespañol
_cBSGB
_erda
041 0 _aspa
_hespañol
080 _a82-31
100 1 _aBonelli, Florencia
_9470
245 1 3 _aEl príncipe del bosque
250 _aprimera edición
264 _aBuenos Aires :
_bPlaneta,
_c2025
300 _a72 páginas :
_bilustraciones color
336 _2rdacontent
_atexto
_btxt
337 _2rdamedia
_asin mediación
_bn
338 _2rdacarrier
_avolumen
_bnc
520 1 _aUna historia sobre la amistad y el valor de la verdad. Alertado por su mejor amiga Emma, el príncipe Gabriel debe huir al bosque mágico con su perra Gypsy, para escapar de quienes derrocaron a su padre, el rey Kael del Reino de la Alegría. En el bosque no solo deberá ganarse la confianza de los animales que allí habitan y del sabio ombú, sino que también tendrá que aprender a oír y a observar, hasta que llegue el momento de recuperar lo que le fue arrebatado. En esta historia de amistad, humildad y valentía, Florencia Bonelli nos sumerge en un universo mágico y nos recuerda el valor de la verdad y de luchar por lo que creemos correcto.
_uPortada
521 _aA partir de 9 años
650 7 _98
_aLITERATURA INFANTIL
700 1 _aMorón, Martín
_eIlustrador
_9386
942 _2ddc
_aBOOK
999 _c637
_d637